00662nam a2200205 i 4500003000900000005001700009007000300026008004100029040003000070082001900100110002700119240001700146245008400163264005600247300002500303336002700328337003300355338002800388500004000416DO-SdBNP20250617113724.0ta250617s2004 dr 000 0 spa d aDO-SdBNPbspacBNPHUerda axxxxbR426222 aRepública Dominicana10a[leyes,etc.]10aLey No. 137-03 :bsobre tráfico ilícito de migrantes y trata de personas / 1aSanto Domingo :bEditorial La Filantropica, c2004. a14 páginasc21 cm. atextobtxt2rdacontent asin mediaciónbn2rdamedia avolumenbnc2rdacarrier aPromulgada el 7 de agosto del 2003.